000
00293nam a22001337a 4500
020
_a
818683092-8
082
_a
425
_b
THO/C
100
_a
THOMSON,ROGER
245
_a
COMMON ERRORS IN ENGLISH
260
_a
DELHI
_b
PENTAGON PRESS
300
_a
208
650
_a
COMMON ERRORS
_z
DELHI
942
_c
BK
999
_c
4103
_d
4103